Čo striehne na manažérov v cudzine?
Medzikultúrna komunikácia. Obchodné rokovania manažérov z rôznych kultúr. Charakteristické znaky obchodných rokovaní s francúzskym, nemeckým, ruským a čínskym manažérom.
Guardado en:
| Autor principal: | |
|---|---|
| Formato: | Capítulo de libro |
| Lenguaje: | eslovaco |
| Materias: | |
| Etiquetas: |
Sin Etiquetas, Sea el primero en etiquetar este registro!
|
MARC
| LEADER | 00000naa a2200000 4500 | ||
|---|---|---|---|
| 001 | 0149051 | ||
| 005 | 20231113071438.7 | ||
| 041 | 0 | |a slo | |
| 044 | |a SK | ||
| 245 | 1 | 0 | |a Čo striehne na manažérov v cudzine? |c Petra Švorcová |
| 520 | |a Medzikultúrna komunikácia. Obchodné rokovania manažérov z rôznych kultúr. Charakteristické znaky obchodných rokovaní s francúzskym, nemeckým, ruským a čínskym manažérom. | ||
| 610 | 2 | 0 | |a rokovania obchodné |
| 610 | 2 | 0 | |a manažéri |
| 610 | 2 | 0 | |a komunikácia multikultúrna |
| 610 | 2 | 0 | |a kultúra |
| 610 | 2 | 0 | |a národ |
| 100 | 1 | |a Švorcová, Petra | |